| 000 | 00631nam a2200205 a 4500 | ||
|---|---|---|---|
| 003 | MX-MxUPN | ||
| 005 | 20240613102708.0 | ||
| 008 | 221104s1921 sp a||||r|||| 000 0 spa d | ||
| 040 |
_aMX-MxUPN _bspa _cMX-MxUPN |
||
| 041 | 0 | _aspa | |
| 050 | 1 | 4 |
_aLB1573 M63 _bF74 |
| 110 | 2 |
_aF.T.D. _951456 |
|
| 245 | 1 | 0 |
_aLecturas graduadas : _blibro tercero |
| 260 |
_aBarcelona : _bEditorial F.T.D., _c1921. |
||
| 300 |
_a286 páginas : _bilustraciones |
||
| 650 | 4 |
_aLectura _xEstudio y enseñanza _96274 |
|
| 710 | 2 |
_aMuseo Pedagógico Nacional (México) _951335 _epropietario anterior |
|
| 902 | _aVíctor Ruiz/041122 | ||
| 942 |
_2lcc _cLIBRO |
||
| 999 |
_c209010 _d209010 |
||